Дело о Кронштадтской полиции

Доступно только в Электронных читальных залах Найти на картеНа карте
RUSMARC
00003662nmc2a2200000 x 450
001dcd07a0b-a404-420b-abc8-5c63052934fc
00520171212095730.0
100##$a20141021l18081808k l0rusy0189 ca
1010#$arus
102##$aRU
2001#$aДело о Кронштадтской полиции
$j1808 г.
$hЧасть 1
251##$cДело
300##$aДело
801#0$aRU
$bРГИА
$c20141021
$gRCR
801#1$aRU
$bГлавНИВЦ
$c20141021
$2rusmarc
801#2$aRU
$bПБ им. Б.Н. Ельцина
$c20171212
$gRCR
$2rusmarc
850##$aРГИА
852##$aРГИА
$eФедеральное казенное учреждение "Российский государственный исторический архив" (РГИА)
$j335
$lчасть 1
937##$hРГИА
$d12080629
$aASBIBLIO_SCAN
462#0$10013b032551-6720-4d08-9e08-49463ec87f2e
$12001
$a1802-1810 гг. Дела Департамента полиции исполнительной МВД за 1808 г.
$1251
$cОпись
$1852
$j1
461#0$10013e300ed0-cd39-49af-8489-5ba5b90fa401
$12001
$aДепартамент полиции исполнительной МВД
$1251
$cФонд
$1852
$j1286
215##$a358 л.
$d36,5x26 см
371##$aДокумент не является опубликованным и широко распространяемым
105##$ay###
1222#$ad
035##$adcd07a0b-a404-420b-abc8-5c63052934fc
856##$uhttp://readingroom.main.prlib.ru/item.aspx?id_node=n111546711&mode=full
Формат отображения